Synthesis of carbon nanostructured materials from waste tires via Pyro-CVD method /
محفوظ في:
| المؤلف الرئيسي: | |
|---|---|
| التنسيق: | أطروحة كتاب |
| اللغة: | English |
| منشور في: |
2012.
|
| الموضوعات: | |
| الوصول للمادة أونلاين: | http://studentsrepo.um.edu.my/id/eprint/6100 |
| الوسوم: |
إضافة وسم
لا توجد وسوم, كن أول من يضع وسما على هذه التسجيلة!
|
| LEADER | 01237cam a2200313 a 4500 | ||
|---|---|---|---|
| 001 | u986485 | ||
| 003 | SIRSI | ||
| 005 | 201401020945 | ||
| 008 | 140102s2012 my a t 000 0 eng m | ||
| 040 | |a UMM |d AUM |e rda | ||
| 090 | |a QD3 |b UMP 2012 Mah | ||
| 100 | 1 | |a Mahal, Ehab Salim Ahmed. | |
| 245 | 1 | 0 | |a Synthesis of carbon nanostructured materials from waste tires via Pyro-CVD method / |c Ehab Salim Ahmed Mahal. |
| 260 | |c 2012. | ||
| 300 | |a xxi, 125 leaves : |b ill. ; |c 30 cm | ||
| 502 | |a Thesis (Ph.D) -- Jabatan Kimia, Fakulti Sains, Universiti Malaya, 2012. | ||
| 504 | |a Bibliography: leaves 98-118 | ||
| 530 | |a Also issued in CD. | ||
| 650 | 0 | |a Chemical vapor deposition. | |
| 650 | 0 | |a Pyrolysis. | |
| 650 | 0 | |a Nanostructured materials |x Synthesis. | |
| 650 | 0 | |a Nanostructured materials |x Properties. | |
| 650 | 0 | |a Waste products |x Recycling | |
| 710 | 2 | |a Universiti Malaya. |b Jabatan Kimia. | |
| 856 | 4 | 1 | |u http://studentsrepo.um.edu.my/id/eprint/6100 |
| 900 | |a ZA | ||
| 596 | |a 1 25 | ||
| 999 | |a QD3 UMP 2012 MAH |w LC |c 1 |i A515702542 |d 18/5/2015 |f 18/5/2015 |g 1 |l STACKS |m P01UTAMA |r Y |s Y |t TESIS |u 14/5/2015 | ||
| 999 | |a QD3 UMP 2012 MAH |w LC |c 1 |i A515868842 |f 28/7/2023 |g 1 |l STACKS |m P25UMARCHI |r N |s Y |t CD |u 19/4/2017 |1 STEM |o .STAFF. MST-CD7018 | ||
